00449nam a2200157Ia 4500001000500000005001700005008004100022041000800063082002500071100004100096245010100137260000900238300002800247650000800275654000800283808520260306160543.0260306t2006||||xx |||||||||||||| ||spa|| aESP a370.1bM39 T. 1 2008 aMejía Jiménez, Marco RaúleAUT 0aEducación(es) en la(s) globalización(es):bentre el pensamiento único y la nueva crítica c2006 a376 páginas :c21 cm. aGEN aCED